01305nam a2200253 i 4500001000300000245011400003246003500117260004600152300004300198490026500241500007100506650002000577650003700597650004100634700002800675700003200703700003200735830011100767040000800878041000800886080001800894008004100912856009800953bg00aSymulacja systemów gospodarczych /c[red. nauk. Alicja Balcerak, Edward Radosiński, Bożena Mielczarek].11aSimulation of economic systems aWrocław :bOficyna Wydawnicza PW,c2003. a291 s. :brys., tab., wykr., ;c24 cm.1 aPrace Naukowe Instytutu Organizacji i Zarządzania Politechniki Wrocławskiej. Studia i Materiały =aScientific Papers of the Institut of Industrial Engineering and Management of the Wrocław University of Technology. Studies and Researches,x0324-9468 ;v15 aTyt. równol.: Simulation of economic systems. Nr serii gł.: 74. 9aGry kierownicze 9aSymulacjaxstosowaniexnauczanie 9aSymulacjaxstosowaniexzarządzanie1 aBALCERAK, Alicja.eRed.1 aRADOSIŃSKI, Edward.eRed.1 aMIELCZAREK, Bożena.eRed. 0aPrace Naukowe Instytutu Organizacji i Zarządzania Politechniki Wrocławskiej.pStudia i Materiały ;v15 cBPK0 apol a65.012:004.94 s pl f |000 0 pol  uhttp://koha.tu.koszalin.pl/cgi-bin/koha/opac-detail.pl?biblionumber=44223yKatalog online BPK